[Event "Mittelfranken-chTB2a 0809"]
[Site "Mittelfranken"]
[Date "2009.04.26"]
[Round "9.7"]
[White "Kekeritz, Uwe"]
[Black "Hofer, Stefan1111"]
[Result "1-0"]
[WhiteElo "1590"]
[BlackElo "1503"]
[PlyCount "155"]
[EventDate "2008.10.12"]
[EventType "team"]
[EventRounds "9"]
[EventCountry "GER"]
[SourceTitle "EXT 2011"]
[Source "ChessBase"]
[SourceDate "2010.11.26"]
[SourceVersion "1"]
[SourceVersionDate "2010.11.26"]
[SourceQuality "1"]
[WhiteTeam "Bad Windsheim"]
[BlackTeam "Cadolzburg"]
[WhiteTeamCountry "GER"]
[BlackTeamCountry "GER"]

1. e4 e6 2. d4 d5 3. exd5 exd5 4. Bd3 Nf6 5. Bf4 Bd6 6. Bxd6 Qxd6 7. Ne2 Be6 8. Ng3 Nc6 9. c3 Ne7 10. Nd2 0-0 11. Qc2 Ng6 12. Bxg6 fxg6 13. 0-0 c5 14. dxc5 Qxc5 15. Nb3 Qb6 16. Nd4 Bf7 17. Rad1 Rfe8 18. Rfe1 Rac8 19. Nf3 Rxe1+ 20. Rxe1 d4 21. Nxd4 Qxd4 22. Rd1 Qb6 23. b3 Rd8 24. Re1 Qd6 25. Nf1 Be6 26. Ne3 Qd2 27. Rd1 Qxd1+ 28. Nxd1 Bf5 29. Qc1 Re8 30. Ne3 Bd7 31. f3 Bc6 32. Kf2 Rd8 33. c4 Nd7 34. b4 Ne5 35. Qc3 Nd3+ 36. Kg3 g5 37. Nd5 Nf4 38. Nxf4 gxf4+ 39. Kxf4 Be8 40. c5 Bc6 41. Qb2 a6 42. a3 Kh8 43. h4 h6 44. Qc3 Bb5 45. Qc2 Bc6 46. Kg3 Rd4 47. Qc3 Rd8 48. Kf2 Rd7 49. g4 Rd5 50. Qb3 Rd7 51. a4 Bd5 52. Qc2 Rf7 53. Qd3 Rd7 54. b5 axb5 55. Qxb5 Bc6 56. Qb4 Rf7 57. Qb3 Rd7 58. a5 Rd8 59. a6 bxa6 60. Qb6 Rc8 61. Qxa6 Bd7 62. Qd6 Ba4 63. Qe5 Bb5 64. g5 h5 65. g6 Bc4 66. Qxh5+ Kg8 67. Qh7+ Kf8 68. Qh5 Kg8 69. Qe5 Kh8 70. c6 Rxc6 71. Qe8+ Bg8 72. Qxc6 Bd5 73. Qd6 Bg8 74. f4 Bd5 75. f5 Bb3 76. f6 gxf6 77. Qxf6+ Kg8 78. h5 1-0